Ligue 1 2017-18 Logos - Statistics

General Stats
  • This quiz has been taken 1,131 times
  • The average score is 15 of 20
Answer Stats
Team % Correct
Paris Saint-Germain
92%
Olympique lyonnais
91%
AS Monaco
89%
Olympique de Marseille
89%
OGC Nice
86%
Stade rennais
84%
AS Saint-Etienne
82%
Montpellier HSC
82%
Bordeaux
80%
RC Strasbourg
79%
FC Metz
75%
FC Nantes
74%
SM Caen
72%
Toulouse FC
72%
Angers SCO
71%
Lille OSC
70%
ES Troyes AC
67%
Dijon FCO
60%
EA Guingamp
54%
Amiens SC
51%
No matching quizzes found
Score Distribution
Percent of People with Each Score
Percentile by Number Answered
Your Score History
You have not taken this quiz